00987nam a2200229 a 450000100100000000500170001000800410002702000180006804000250008608200150011110000390012624500580016525000110022326000380023430000430027250000380031550000420035395201130039595201190050895201130062799900170074000004609320201002052632.0150618s2011 dr abc 000 0 spa d a9789945002850 aDO-SdBNPbspacBNPHU axxxxbxxxx1 aSánchez, Federico,d1953-92644510aAún queda rodante la palabra /cFederico Sánchez. a2a ed. aSanto Domingo :bFS Fedor,c2011. a195 p. :bil., mapas, retrs. ;c27 cm. aAntología poética unipersonal aIncluye datos biográficos del autor 0010718PDaPDbPDcCTd2015-06-18iLF1l0oxxxx xxxxp46093-10r2020-06-25w2020-06-25yLFPDZNo se presta 0010718PDaPDbPDcCTd2015-06-18iLF1l0oxxxx xxxxp46093-20r2020-06-25te. 2w2020-06-25yLFPDZNo se presta 0010718PDaPDbPDcHDd2015-06-18iLF1l0oxxxx xxxxp46094-10r2020-06-25w2020-06-25yLFPDZNo se presta c45582d45582